| 000 | 00430nam a22001697a 4500 | ||
|---|---|---|---|
| 003 | NUST - PNEC | ||
| 005 | 20170116181102.0 | ||
| 008 | 151003b xxu||||| |||| 00| 0 eng d | ||
| 020 | _a- | ||
| 040 | _cLIBRARY | ||
| 082 | _a891.5511 ATT | ||
| 100 |
_912414 _aAttar, Farid ud din |
||
| 245 |
_aThe conference of the birds _cFarid ud din Attar |
||
| 260 | _cc.1984 | ||
| 650 |
_912417 _aSufism _xGeneral books |
||
| 942 |
_2ddc _cBK |
||
| 999 |
_c68785 _d68785 |
||